| 000 | 01037cab a2200325 4500 | ||
|---|---|---|---|
| 001 | ABS47863 | ||
| 008 | 090401t1993 xxu||||| |||| 00| 0 eng d | ||
| 035 | _a(Sirsi) u63743 | ||
| 041 | _aeng | ||
| 245 | _aEngineering surveying showcase `93 | ||
| 260 | _c1993 | ||
| 300 | _aLoan | ||
| 350 | _a0 | ||
| 490 |
_aEngineering Surveying _vJanuary 1993 (58) |
||
| 520 | _aA series of articles illustrating the development and diversity of engineering surveying: photogrammetry, GPS, hydrographics, the use of computers and new surveying instruments and monitoring structures for movement. | ||
| 650 | _aDEFORMATION SURVEYING | ||
| 650 | _aDIGITAL TERRAIN MODELS | ||
| 650 | _aGPS | ||
| 650 | _aGROUND MODELLING SYSTEMS | ||
| 650 | _aINDUSTRY LIAISON GROUP | ||
| 650 | _aPHOTOGRAMMETRY | ||
| 650 | _aSOFTWARE PACKAGES | ||
| 650 | _aSURVEY SPECIFICATIONS | ||
| 650 | _aSURVEYING INSTRUMENTS | ||
| 650 | _aTHAMES BARRIER | ||
| 650 | _aTOTAL STATIONS | ||
| 690 | _aLAND SURVEYING | ||
| 942 | _n0 | ||
| 948 | _c04/03/1997 | ||
| 999 |
_c39644 _d39644 |
||